000
00295nam a22001217a 4500
003
OSt
008
250123b |||||||| |||| 00| 0 eng d
041
_a
eng
100
_a
Keithlye Frag
_9
6987
245
_a
Encyclopedia Atlas of the world
260
_a
London:
_b
Applied Press,
_c
1984.
942
_c
BK
999
_c
19114
_d
19114